Statistics for Breath of the Wild Armor Sets & Pieces

Click here to take the quiz!

General Stats

  • This quiz has been taken 35 times
    (30 since last reset)
  • The average score is 21 of 48

Answer Stats

AdvantagesAnswer% Correct
Guardian Resist Up
FS-Ancient Proficiency
Ancient
83%
Attack Up
FS-Charge Atk. Stamina Up
Barbarian
83%
Swim Speed Up
FS-Swim Dash Stamina Up
Zora
83%
Blend in with B__o__i_sBokoblin Mask
72%
Climb Speed Up
FS-Climbing Jump Stamina Up
Climbing
72%
Access to Gerudo Town
FS-Heat Resist Up
Gerudo
72%
FS-Night Speed UpDark
67%
Flame Guard Up
FS-Fireproof
Flamebreaker
67%
Blend in with L__a__osLizalfos Mask
67%
Blend in with M__l__sMoblin Mask
67%
Shock Resistance Up
FS-Shockproof
Rubber
67%
Sand Speed UpSand Boots
67%
Snow Speed UpSnow Boots
67%
DefenseAmber Earrings
61%
Blend in with L__e_sLynel Mask
61%
Lightning GuardThunder Helm
61%
FS-Master Sword Beam UpArmor of the Wild
56%
Reveal Enemy HPChampion's Tunic
56%
Cold Resist UpRuby Circlet
56%
Heat Resist UpSapphire Circlet
56%
Heat Resist Up
FS-Shock Damage Resist
Desert Voe
50%
Swim Speed UpOpal Earrings
50%
Blend in with All EnemiesMajora's Mask
44%
Blend in with Stal Monsters
Bone Weapon Attack Up
Radiant
44%
Stealth Up
FS-Night Speed Up
Sheikah
44%
Cold Resistance Up
FS-Unfreezable
Snowquill
44%
Shock Resist UpTopaz Earrings
44%
Attack UpPhantom
39%
Cold Resistance UpWarm Doublet
39%
FS-Master Sword Beam UpArmor of the Hero
33%
FS-Master Sword Beam UpArmor of Twilight
33%
Lights Up Near KoroksKorok Mask
33%
FS-Master Sword Beam UpArmor of the Wind
28%
Stealth Up
FS-Blend in with Stal Monsters,
Bone Weapon Attack Up
Phantom Ganon
28%
FS-Master Sword Beam UpArmor of Time
22%
Guardian Resist UpDiamond Earrings
22%
Sideways Climb Speed UpRavio's Hood
17%
FS-Charge Attack Stamina UpRoyal Guard
17%
Night Speed UpTingle's Outfit
17%
UnfreezableZant's Helmet
17%
Heat ResistanceIsland Lobster Shirt
11%
Guardian Resist UpMidna's Helmet
11%
Stealth UpSheik's Mask
11%
Cold Resistance
Guardian Resistance
With Ancient Set-Ancient Proficiency
Vah Medoh Divine Helm
11%
Electric Resistance
Guardian Resistance
With Ancient Set-Ancient Proficiency
Vah Naboris Divine Helm
11%
Flame Guard
Guardian Resistance
With Ancient Set-Ancient Proficiency
Vah Rudania Divine Helm
11%
Swim Speed Up
Guardian Resistance
With Ancient Set-Ancient Proficiency
Vah Ruta Divine Helm
11%
Swim Speed Up
FS-Swim Dash Speed Up
Salvagers
6%

Score Distribution

Percentile by Number Answered

Percent of People with Each Score

Your Score History

You have not taken this quiz since the last reset